Eredivisie Clubs Quiz - Statistics

General Stats
  • This quiz has been taken 62 times
  • The average score is 12 of 18
Answer Stats
Club % Correct
AFC Ajax
98%
PSV Eindhoven
93%
Feyenoord
88%
AZ Alkmaar
79%
Twente
79%
FC Groningen
73%
ADO Den Haag
71%
FC Utrecht
70%
Sparta Rotterdam
64%
Vitesse
64%
SC Heerenveen
57%
Willem II
57%
Heracles Almelo
55%
PEC Zwolle
54%
VVV-Venlo
48%
Fortuna Sittard
46%
RKC Waalwijk
46%
FC Emmen
34%
No matching quizzes found
Score Distribution
Percent of People with Each Score
Percentile by Number Answered
Your Score History
You have not taken this quiz